| 000 | 01493nam a22004097a 4500 | ||
|---|---|---|---|
| 001 | 000095703 | ||
| 003 | CHAP | ||
| 005 | 20220817044111.0 | ||
| 008 | 060516d2005 mx b r 00110 spa d | ||
| 010 | _a92169 | ||
| 011 | _a93141 | ||
| 035 | _a103712 | ||
| 040 | _cCHAP | ||
| 090 | _aTesis | ||
| 100 | 1 |
_aEsquivel Arriaga, Oscar. _938149 |
|
| 245 | 1 | 0 |
_aDiversidad del gen de superoxido dismutasa asociado con estrés oxidativo en poblaciones de Dactylis glomerata / _c/por Oscar Esquivel Arriaga. |
| 260 |
_aBermejillo, Dgo. : _bEl autor, _c2005. |
||
| 300 |
_a120 h. : _bcuadros, mapas. |
||
| 502 | _aTesis (Ing. Agr. en Sistemas Agrícolas de Zonas Aridas) - - UACH. Unidad Regional Universitaria de Zonas Aridas | ||
| 590 |
_aALEPH _b10 _c20130110 _lUCH01 _h1511 |
||
| 590 |
_aBATCH-UPD _b10 _c20130110 _lUCH01 _h0406 |
||
| 590 |
_aBATCH-UPD _b10 _c20130110 _lUCH01 _h1942 |
||
| 590 |
_aBATCH-UPD _b10 _c20130410 _lUCH01 _h0039 |
||
| 590 |
_aBATCH-UPD _b10 _c20130914 _lUCH01 _h1135 |
||
| 590 |
_aCONVERSION _b10 _c20130109 _lUCH01 _h1351 |
||
| 590 |
_aE11695DGD _b10 _c20130604 _lUCH01 _h1434 |
||
| 590 |
_aE11695DGD _b10 _c20130604 _lUCH01 _h1435 |
||
| 650 | 1 | 4 |
_aDactylis glomerata. _930865 |
| 650 | 1 | 4 |
_aGenética molecular. _947496 |
| 650 | 1 | 4 | _aGenética vegetal. |
| 901 | _aBK | ||
| 905 | _aElisama A. H. | ||
| 942 | _cFOLL | ||
| 942 | _n0 | ||
| 949 |
_aTesis _bBC _cTES _d00000000103712 _eTS1 _h45113 _i103712 _sb |
||
| 949 |
_aTesis _bBC _cTES _d33724000870903 _eTS2 _fc.2 _h45114 _i103712 _si |
||
| 999 |
_c92169 _d92169 |
||